DISCOVERING Sabah

Bibliographic Details
Other Authors: Tengku D. Z. Adlin
Format: Book
Published: Kota Kinabalu, Sabah : Natural History Pub. , 2002
Subjects:

MARC

LEADER 00000cam a2200000 7i4500
001 0000002116
005 20021107.0
020 0 0 |a 9838120464 
090 0 0 |a R915.9521   |b DIS 2002 
245 0 0 |a DISCOVERING Sabah   |c text by Wendy Hutton, photographs by Tengku D. Z. Adlin ... (et al.) 
260 0 0 |a Kota Kinabalu, Sabah :   |b Natural History Pub. ,   |c 2002 
300 |a 177 p. :   |b col. ill. ;   |c 25 cm. 
500 0 0 |a Includes index 
651 0 0 |a Sabah   |z Description and travel 
700 0 1 |a Tengku D. Z. Adlin 
998 |a JPSM 
999 |a 0000003522   |b Monograph   |c Reference   |e Default branch